书目信息 |
| 题名: |
复杂储层地震预测理论与应用研究
|
|
| 作者: | 李琼 , 何建军 , 曹均 著 | |
| 分册: | ||
| 出版信息: | 北京 科学出版社 2022 |
|
| 页数: | 135页 | |
| 开本: | 26cm | |
| 丛书名: | ||
| 单 册: | ||
| 中图分类: | P315.7 , P315 | |
| 科图分类: | ||
| 主题词: | 复杂地层--储集层--地震预测--研究 | |
| 电子资源: | ||
| ISBN: | 978-7-03-071728-3 | |
| 000 | 01105nam0 2200265 450 | |
| 001 | 2255500730 | |
| 005 | 20220929152525.22 | |
| 010 | @a978-7-03-071728-3@dCNY108.00 | |
| 100 | @a20220613d2022 em y0chiy50 ea | |
| 101 | 0 | @achi |
| 102 | @aCN@b110000 | |
| 105 | @aa z 000yy | |
| 200 | 1 | @a复杂储层地震预测理论与应用研究@9fu za chu ceng di zhen yu ce li lun yu ying yong yan jiu@dTheory and application research of seismic prediction to complex reservoir@f李琼,何建军,曹均著@zeng |
| 210 | @a北京@c科学出版社@d2022 | |
| 215 | @a135页@c图,照片@d26cm | |
| 330 | @a本书针对复杂多变的储层预测问题,以岩石物理模拟和数值模拟研究为基础,将动力学非线性科学中的全新概念、理论和算法引入和应用于储层预测与评价之中,创建了新型的储层预测理论和方法技术。 | |
| 510 | 1 | @aTheory and application research of seismic prediction to complex reservoir@zeng |
| 606 | 0 | @a复杂地层@x储集层@x地震预测@x研究 |
| 690 | @aP315.7@v5 | |
| 690 | @aP315@v4 | |
| 701 | 0 | @a李琼@9li qiong@4著 |
| 701 | 0 | @a何建军@9he jian jun@4著 |
| 701 | 0 | @a曹均@9cao jun@4著 |
| 801 | 0 | @aCN@b91MARC@c20220617 |
| 905 | @aZUCC@dP315@e3 | |
| 复杂储层地震预测理论与应用研究=Theory and application research of seismic prediction to complex reservoir/李琼,何建军,曹均著.-北京:科学出版社,2022 |
| 135页:图,照片;26cm |
| ISBN 978-7-03-071728-3:CNY108.00 |
| 本书针对复杂多变的储层预测问题,以岩石物理模拟和数值模拟研究为基础,将动力学非线性科学中的全新概念、理论和算法引入和应用于储层预测与评价之中,创建了新型的储层预测理论和方法技术。 |
| ● |
| 相关链接 |
|
|
|
正题名:复杂储层地震预测理论与应用研究
索取号:P315/3
 
预约/预借
| 序号 | 登录号 | 条形码 | 馆藏地/架位号 | 状态 | 备注 |
| 1 | 2000906809 | 2000906809 | 第三书库/ [索取号:P315/3] | 在馆 | |
| 2 | 2000906810 | 2000906810 | 第三书库/ [索取号:P315/3] | 在馆 | |
| 3 | 2000906811 | 2000906811 | 第三书库/ [索取号:P315/3] | 在馆 |